<?xml version="1.0" encoding="UTF-8"?><?xml-stylesheet type="text/xsl" href="static/style.xsl"?><OAI-PMH xmlns="http://www.openarchives.org/OAI/2.0/" xmlns:xsi="http://www.w3.org/2001/XMLSchema-instance" xsi:schemaLocation="http://www.openarchives.org/OAI/2.0/ http://www.openarchives.org/OAI/2.0/OAI-PMH.xsd"><responseDate>2026-04-14T06:25:06Z</responseDate><request verb="GetRecord" identifier="oai:www.recercat.cat:2072/333566" metadataPrefix="marc">https://recercat.cat/oai/request</request><GetRecord><record><header><identifier>oai:recercat.cat:2072/333566</identifier><datestamp>2024-12-11T22:57:18Z</datestamp><setSpec>com_2072_5165</setSpec><setSpec>com_2072_5163</setSpec><setSpec>col_2072_287889</setSpec></header><metadata><record xmlns="http://www.loc.gov/MARC21/slim" xmlns:dcterms="http://purl.org/dc/terms/" xmlns:xsi="http://www.w3.org/2001/XMLSchema-instance" xmlns:doc="http://www.lyncode.com/xoai" xsi:schemaLocation="http://www.loc.gov/MARC21/slim http://www.loc.gov/standards/marcxml/schema/MARC21slim.xsd">
   <leader>00925njm 22002777a 4500</leader>
   <datafield ind2=" " ind1=" " tag="042">
      <subfield code="a">dc</subfield>
   </datafield>
   <datafield ind2=" " ind1=" " tag="720">
      <subfield code="a">Tapia Gómez, José Luis,</subfield>
      <subfield code="e">author</subfield>
   </datafield>
   <datafield ind2=" " ind1=" " tag="260">
      <subfield code="c">2018-07</subfield>
   </datafield>
   <datafield ind2=" " ind1=" " tag="520">
      <subfield code="a">Aquest treball pretén realitzar un anàlisi de la evolució de la normativa relativa al treballador autònom, centrant-se sobretot en les mesures pel foment y promoció d’aquesta figura. El present estudi analitzarà el significat del treball autònom i dues de les seves vessants, l’emprenedor de responsabilitat limitada i el treballador autònom depenent, i la evolució legislativa al respecte, en atenció als últims canvis produïts.</subfield>
   </datafield>
   <datafield ind2=" " ind1=" " tag="520">
      <subfield code="a">Este trabajo pretende realizar un análisis de la evolución de la normativa relativa al trabajador autónomo, centrándose sobre todo en lo que atañe a medidas para el fomento y promoción de esta figura. El presente estudio analizará el significado del trabajo autónomo y dos de sus vertientes, el emprendedor de responsabilidad limitada y el trabajador autónomo dependiente, y la evolución legislativa al respecto, en atención a los últimos cambios producidos.</subfield>
   </datafield>
   <datafield ind2=" " ind1=" " tag="520">
      <subfield code="a">This work contains an analysis of the evolution of the regulations regarding self-employed workers, focusing especially on measures for the development and promotion of this figure. The present study will analyze the meaning of autonomous work and two of its aspects, the limited liability entrepreneur and the self-employed dependent, and the legislative evolution in this regard, in attention to the latest changes produced.</subfield>
   </datafield>
   <datafield ind1="8" ind2=" " tag="024">
      <subfield code="a">http://hdl.handle.net/2072/333566</subfield>
   </datafield>
   <datafield ind2="0" ind1="0" tag="245">
      <subfield code="a">El régimen especial de trabajadores autónomos medidas de fomento y promoción</subfield>
   </datafield>
</record></metadata></record></GetRecord></OAI-PMH>